000 00477nam a22001937a 4500
003 UA-OsUOA
001 43509
007 ta
008 20090908b un ||||| |||| 00| 0 ukr d
090 _a82
_bД22
942 _cBR
040 _aUA-OsUOA
_bbul
_cUA-OsUOA
_dUA-OsUOA
245 _aДвамата които се вьрнаха
955 _a3
041 _abul
080 _a82
650 7 _a82 Література. Літературознавство
_2UDC
999 _c441984
_d441984